000 00701cam a22002294a 4500
001 12484469
005 20180814050706.0
008 010727s2002 ohua 001 0 eng
010 _a 2001049323
020 _a0324058780 (alk. paper)
040 _aDLC
_cDLC
_dDLC
041 _aeng
042 _apcc
080 _a657.046
082 0 0 _a657.046
_221
100 1 _a61
101 _aKON
245 1 0 _aAdvanced accounting /
_cPaul Marcus Fischer, William James Taylor, Rita Hartung Cheng.
906 _a7
_bcbc
_corignew
_d1
_eocip
_f20
_gy-gencatlg
942 _2ddc
_cBK
999 _c47100
_d47100